| 000 | 00722nam a2200229Ia 4500 | ||
|---|---|---|---|
| 999 |
_c44316 _d44316 |
||
| 001 | 11074 | ||
| 003 | GE_BSU | ||
| 005 | 20221117105519.0 | ||
| 008 | 181216s2009en xx |||||||||||||| ||eng|| | ||
| 020 | _a9781412960359(pbk) X | ||
| 040 | _cGE_BSU | ||
| 041 | _aeng | ||
| 080 | _a378 G 51 | ||
| 100 |
_aGLATTHORN, ALLAN.A _915871 |
||
| 245 | 4 |
_aTHE Principal AS CURRICULUM LEADER : _bShaping whats IS Taught and Tested / _cALLAN. A. GLATTHORN |
|
| 250 | _a3rd ed. | ||
| 264 |
_aThousand Oaks,Calif : _bCorwin Press, _c2009. |
||
| 300 |
_a199 p.: _b24 cm. |
||
| 653 | _aTHE Principal AS CURRICULUM LEADER. | ||
| 653 | _aშემოსულია ტემპუსის პროექტით. | ||
| 942 |
_cBK _2udc |
||